Największe miasta Europy zawierające daną Literę - Statystyki

Ogólne statystyki
  • Ten quiz został rozwiązany 69 razy
  • Średni wynik to 20 z 27
Statystyki odpowiedzi
Litera Miasto % Poprawnych
D Londyn
98%
L Londyn
98%
N Londyn
98%
Y Londyn
98%
A Moskwa
97%
K Moskwa
97%
M Moskwa
97%
O Moskwa
97%
S Moskwa
97%
W Moskwa
97%
I Berlin
95%
Ż Paryż
92%
Z Rzym
87%
B Stambuł
81%
Ł Stambuł
81%
T Stambuł
81%
U Stambuł
81%
J Kijów
79%
Ó Kijów
79%
C Barcelona
69%
Ń Mińsk
55%
H Hamburg
47%
F Sofia
26%
E Sankt Petersburg
21%
G Sankt Petersburg
21%
P Sankt Petersburg
21%
R Sankt Petersburg
21%
Nie znaleziono quizów pasujących do podanych kryteriów
Rozkład punktacji
Procent ludzi z każdym wynikiem
Percentyl według liczby udzielonych odpowiedzi
Twoja historia wyników
Nie rozwiązałeś tego quizu